000 01514nam a2200385 a 4500
001 ebr10501017
003 CaPaEBR
006 m u
007 cr cn|||||||||
008 010625s2001 enkb sb 000 1 eng d
010 _z 2001045174
020 _z019283147X
020 _z9780192831477
020 _z9780191610509 (e-book)
040 _aCaPaEBR
_cCaPaEBR
035 _a(OCoLC)763160195
041 1 _aeng
_hfre
050 1 4 _aPQ2349.P5
_bE5 2001eb
082 0 4 _a843/.8
_221
100 1 _aMaupassant, Guy de,
_d1850-1893.
240 1 0 _aPierre et Jean.
_lEnglish
245 1 0 _aPierre et Jean
_h[electronic resource] /
_cGuy de Maupassant ; translated by Julie Mead ; with an introduction and notes by Robert Lethbridge.
260 _aOxford ;
_aNew York :
_bOxford University Press,
_cc2001.
300 _alv, 133 p. :
_bmaps.
490 1 _aOxford world's classics
504 _aIncludes bibliographical references (p. [130]-133).
533 _aElectronic reproduction.
_bPalo Alto, Calif. :
_cebrary,
_d2011.
_nAvailable via World Wide Web.
_nAccess may be limited to ebrary affiliated libraries.
651 0 _aFrance
_xSocial life and customs
_vFiction.
655 7 _aElectronic books.
_2local
700 1 _aMead, Julie.
700 1 _aLethbridge, Robert.
710 2 _aebrary, Inc.
830 0 _aOxford world's classics (Oxford University Press)
856 4 0 _uhttp://site.ebrary.com/lib/rucke/Doc?id=10501017
_zAn electronic book accessible through the World Wide Web; click to view
999 _c131734
_d131734